000 01074nac a22003137a 4500
001 BR7601993
003 BR-BrBNA
005 20240105113933.0
008 230509b bl.|||m| |||| 00| 0 por d
040 _aBR-BrBNA
_bpor
_cBiblioteca Nacional de Agricultura
072 _aE30; E10; E15
090 _aE30 BR7601993
110 1 _aComissao Estadual de Planejamento Agricola, Fortaleza, CE (Brasil)
_92048
245 1 _aprograma de promocao de agricultores de baixa renda [Ceara; Brasil]
_bAnteprojeto de desenvolvimento rural para areas de agricultores de baixa renda
260 3 _aFortaleza, CE (Brasil):
_c1976.
300 _a293 p.
490 _aPublicacao CEPA-CE (Brazil)
_vno. 24
_x
500 _a50 tables; 20 graphs; Bibliography (54 ref.)
650 _aProjeto de desenvolvimento
650 _aMacroeconomia
650 _aMicroeconomia
650 _aBaixa renda
650 _aDesenvolvimento rural
650 _aUso da terra
650 _aMinifundio
650 _aCeara
909 _a202312
_bLúcia Elande
_c55
_dLúcia Elande
942 _2AGRIS
_n0
_cMS
999 _c266449
_d266449